[Event "Your Next Move GCT 2018-Rapid"]
[Site "Leuven"]
[Date "2018.06.14"]
[Round "9"]
[White "Aronian, Levon"]
[Black "Vachier-Lagrave, Maxime"]
[Result "1/2-1/2"]
[WhiteElo "2795"]
[BlackElo "2777"]
[Annotator "TA"]
[PlyCount "92"]
[EventDate "2018.??.??"]
[EventType "tourn"]
[EventCountry "BEL"]
[SourceTitle "playchess.com"]
[Source "ChessBase"]
[SourceQuality "1"]

{[%evp 17,92,-4,14,-15,-20,-19,-3,-9,-2,-16,0,0,0,0,0,-8,0,-1,-18,-16,21,15,20,18,21,31,45,45,41,24,31,26,16,9,6,0,0,0,56,60,246,210,244,238,261,125,154,118,111,104,114,31,34,29,34,29,35,34,34,34,27,42,87,0,0,0,0,0,0,0,0,0,0,0,0,0,1]} 1. e4 c5 2. Nc3 d6 3. Nge2 Nf6 4. g3 g6 5. Bg2 Bg7 6. O-O O-O 7. d3 Nc6 8. h3 Rb8 9. f4 {[%cal Bf2f4,Bf4f5][%mdl 32]} Nd7 {LiveBook: 47 Partien} 10. Nd5 {B25: Sizilianisch (Geschlossenes System)} (10. g4 b5 11. Nd5 e6 12. Ne3 Bb7 13. f5 Qh4 14. c3 Rfe8 15. a4 b4 16. Nc4 Qe7 17. Bf4 Nce5 {1-0 (49) Guseinov,G (2646)-Huschenbeth,N (2549) Batumi 2018}) 10... e6 11. Ne3 b5 $146 ({Vorgänger:} 11... Nd4 12. c3 Nxe2+ 13. Qxe2 b5 14. Ng4 Nf6 15. Nxf6+ Bxf6 16. g4 b4 17. c4 Bd4+ {½-½ (65) Blagojevic,N (2176)-Radovic,J (2415) Kragujevac 2018}) 12. f5 $1 Bb7 13. c3 b4 14. Ng4 bxc3 15. bxc3 {[#] Droht f6! und aus.} exf5 16. exf5 {zielt auf f6! ab.} Nce5 {Droht ...Lxg2.} 17. Bxb7 $1 Rxb7 18. Nh6+ $1 Bxh6 19. Bxh6 Re8 20. Nf4 gxf5 21. Qh5 Qf6 22. Rae1 {[%mdl 1024] Droht stark d4. Weiss hat Kompensation.} Rbb8 23. Re3 Kh8 24. Bg5 Qg7 25. Nd5 f6 $132 {[%mdl 2048] Schwarz is fighting back} 26. Bh6 Qg6 27. Nf4 Qf7 ({Günstiger ist} 27... Qg8 $11) 28. Qxf5 $14 Rb2 $2 (28... Rg8 $1 $14) 29. d4 $18 cxd4 30. cxd4 Ng6 {[#]} 31. Ne6 (31. Rxe8+ $1 $18 {und der Rest ist Schweigen.} Qxe8 32. Nh5) 31... Rg8 32. Rf2 Rxf2 33. Qxf2 Rc8 34. Qf5 (34. h4 $16) 34... Ne7 $1 $14 {[%cal Re7f5]} 35. Qg4 Qg6 $1 {[%cal Rg6h6]} 36. Nf4 Qxg4 $1 ({Ein No Go ist} 36... Qb1+ $6 37. Kf2 $16) 37. hxg4 Ng8 38. g5 fxg5 39. Bxg5 Kg7 40. Re6 (40. Ra3 $16 Ra8 41. Ra6) 40... Rc6 $11 {Die Stellung ist ausgeglichen.} 41. Re8 Kf7 42. Rd8 Ngf6 43. Kg2 Rc2+ 44. Kh3 Rxa2 45. Bxf6 Nxf6 46. Rxd6 Rd2 {Precision: Weiß = 67%, Schwarz = 60%.} 1/2-1/2

[Event "Your Next Move GCT 2018-Rapid"]
[Site "Leuven"]
[Date "2018.06.14"]
[Round "9"]
[White "Giri, Anish"]
[Black "Grischuk, Alexander"]
[Result "1/2-1/2"]
[WhiteElo "2779"]
[BlackElo "2783"]
[Annotator "TA"]
[PlyCount "61"]
[EventDate "2018.??.??"]
[EventType "tourn"]
[EventCountry "BEL"]
[SourceTitle "playchess.com"]
[Source "ChessBase"]
[SourceQuality "1"]

{[%evp 24,61,0,0,21,16,24,5,9,8,18,8,34,25,58,45,65,0,22,0,0,-10,-9,-29,-25,-53,-21,-20,-37,-40,-18,-37,-42,-44,-35,-45,-28,-31,0,-37]} 1. e4 c5 2. Nf3 d6 3. d4 cxd4 4. Nxd4 Nf6 5. Nc3 a6 6. Be2 e5 7. Nf3 Be7 8. Bg5 Nbd7 9. a4 {B92: Sicilian Najdorf: 6 Be2} h6 (9... b6 10. Nd2 h6 11. Bxf6 Nxf6 12. Nc4 Bb7 13. a5 b5 14. Nb6 Nxe4 15. Nxe4 Bxe4 16. Bf3 Bxf3 17. Qxf3 {1-0 (39) Carlsen,M (2832)-Vachier Lagrave,M (2796) Paris 2017}) 10. Be3 Ng4 11. Bc1 Ngf6 12. Be3 Ng4 13. Bc1 {LiveBook: 3 Games} Ngf6 14. O-O O-O 15. b3 $146 ({Predecessor:} 15. Bc4 Nc5 16. Qe2 Be6 17. b4 Ncxe4 18. Nxe4 d5 19. Nxf6+ Bxf6 20. Rd1 {0-1 (39) Ferreira,L (1779)-Petrigin,O (2238) ICCF email 2014}) 15... Nc5 16. Nd2 Be6 17. Bb2 Rc8 18. Re1 Ncd7 19. Nc4 Nc5 20. Nd2 Ncd7 21. a5 Rc5 22. b4 Rc8 23. b5 axb5 24. Nxb5 Nc5 25. Bf1 Ra8 26. Bc3 b6 {[%cal Rb6a5]} 27. axb6 Qxb6 28. Qf3 Qc6 29. Na7 Qc7 30. Nb5 Qc6 31. Na7 {Precision: White = 60%, Black = 57%.} 1/2-1/2

[Event "Your Next Move GCT 2018-Rapid"]
[Site "Leuven"]
[Date "2018.06.14"]
[Round "9"]
[White "Mamedyarov, Shakhriyar"]
[Black "Nakamura, Hikaru"]
[Result "0-1"]
[WhiteElo "2766"]
[BlackElo "2813"]
[Annotator "TA"]
[PlyCount "74"]
[EventDate "2018.??.??"]
[EventType "tourn"]
[EventCountry "BEL"]
[SourceTitle "playchess.com"]
[Source "ChessBase"]
[SourceQuality "1"]

{[%evp 19,74,13,56,0,0,0,0,0,0,0,0,0,0,0,0,0,0,-54,-26,-35,-25,-45,0,0,0,-5,0,-86,-96,-111,-111,-142,-135,-147,-53,-105,-83,-165,-119,-95,-94,-319,-312,-423,-300,-602,-585,-761,-761,-759,-756,-753,-752,-743,-737,-716,-720]} 1. d4 Nf6 2. c4 e6 3. Nf3 d5 4. Nc3 Be7 5. Bf4 O-O 6. e3 c5 7. dxc5 Bxc5 8. Qc2 Nc6 9. a3 Qa5 10. Rd1 Re8 {LiveBook: 30 Games. White must now prevent ...e5. D37: Queen's Gambit Declined: 5 Bf4} 11. Bg3 ({Better is} 11. Nd2 $14) (11. Nd2 e5 12. Bg5 Nd4 13. Qb1 Bf5 14. Bd3 Bxd3 15. Qxd3 Ne4 16. Ndxe4 dxe4 17. Qd2 Ne6 18. Bh4 {½-½ (66) Mamedyarov,S (2804)-Anand,V (2767) Wijk aan Zee 2018}) (11. Nd2 e5 12. Bg5 Nd4 13. Qb1 Bf5 14. Bd3 Bxd3 15. Qxd3 Ne4 16. Nxd5 Nxg5 17. exd4 Bxd4 18. b4 {½-½ (33) Mamedyarov,S (2809)-Nakamura,H (2787) Moscow 2018}) 11... Ne4 $1 $11 12. cxd5 exd5 {The position is equal.} 13. Rxd5 Nxc3 $1 14. bxc3 Be6 15. Rd2 $146 ({Predecessor:} 15. Rd1 Qxa3 16. Ng5 Bf5 17. Bd3 Bxe3 18. Bxf5 Bxg5+ {0-1 (33) Hejazipour,M (2357)-Zumsande,M (2442) Stockholm 2016}) 15... Be7 16. Bd3 g6 17. O-O Qxa3 18. Nd4 (18. Qb1 $11) 18... Nxd4 $15 19. cxd4 Rac8 20. Qb2 Qxb2 21. Rxb2 Rc3 22. Be2 b6 23. e4 (23. Ba6 $11) 23... Bc4 $36 {[%mdl 2048] Black is in control.} 24. Bxc4 Rxc4 25. Rd1 Rd8 26. Rbd2 b5 (26... Bb4 $17 27. Rd3 a5) 27. Kf1 ({White should try} 27. d5 $15) 27... Bb4 28. Rd3 (28. Ra2 $17) 28... a5 $19 29. d5 a4 $1 {And now ...Bc3 would win.} 30. d6 $2 (30. Bh4 $17 Rd7 31. f3) 30... Bc3 $1 (30... Rxe4 31. d7 $11) 31. d7 {[#] Threatens to win with Rxc3!} b4 $1 {aiming for ...a3.} 32. Rd5 $2 (32. Rd6 a3 33. Rb6) 32... a3 {Black is clearly winning.} 33. Rb5 a2 34. Rb8 Rxb8 35. Bxb8 {[#]} Rd4 $1 {[%cal Rd4d1]} ({Not} 35... Bf6 36. d8=Q+ Bxd8 37. Rxd8+ $11) 36. Rxd4 a1=Q+ 37. Ke2 Qa6+ {Precision: White = 25%, Black = 75%.} ({Weaker is} 37... Bxd4 38. d8=Q+ Kg7 39. Bd6 $19) 0-1

[Event "Your Next Move GCT 2018-Rapid"]
[Site "Leuven"]
[Date "2018.06.14"]
[Round "9"]
[White "Karjakin, Sergey"]
[Black "Caruana, Fabiano"]
[Result "0-1"]
[WhiteElo "2743"]
[BlackElo "2753"]
[Annotator "TA"]
[PlyCount "76"]
[EventDate "2018.??.??"]
[EventType "tourn"]
[EventCountry "BEL"]
[SourceTitle "playchess.com"]
[Source "ChessBase"]
[SourceQuality "1"]

{[%evp 11,76,4,5,-15,-5,-4,0,-5,-7,-7,6,-8,0,-37,-35,-33,-41,-50,-48,-95,-87,-189,-185,-270,-270,-231,-219,-391,-394,-313,-133,-133,-122,-133,-121,-115,-110,-195,-208,-318,-306,-313,-300,-376,-351,-402,-375,-493,-480,-501,-218,-204,-160,-337,-335,-713,-683,-29983,-29984,-29984,-29985,-29985,-29986,-29992,-29993,-29993,-29984]} 1. e4 e5 2. Nf3 Nf6 3. Nxe5 d6 4. Nf3 Nxe4 5. c4 Nc6 6. d4 {C42: Petroff Defence: 3 Nxe5 and unusual White 3rd moves} (6. Nc3 Nxc3 7. dxc3 g6 8. Bg5 Be7 9. Bh6 Bf8 10. Bg5 Be7 11. Bh6 Bf8 12. Bg5 {½-½ (12) Jones,G (2640)-Mamedyarov,S (2804) Wijk aan Zee 2018}) 6... d5 {LiveBook: 18 Games} 7. c5 Be7 8. Bb5 {The position is equal.} O-O 9. O-O Bg4 10. Bxc6 bxc6 11. h3 Bh5 $146 ({Predecessor:} 11... Bxf3 12. Qxf3 Bf6 13. Rd1 Rb8 {½-½ (32) Rohl Montes,J (2379)-Molale,O (2081) Bled 2002}) 12. g4 Bg6 $36 {[%mdl 2048] White is under pressure.} 13. Ne5 Bf6 {Hoping for ...Bxe5.} 14. Nxc6 Qd7 15. Nb4 Rab8 {[%mdl 1024] Black has strong compensation.} 16. Nc2 (16. Na6 $17 {was worth a try.} Rb7 17. a3) 16... Bh4 $1 $19 {[%cal Rh4f2]} 17. f3 (17. Nc3 $142) 17... Ng3 18. Rf2 f5 $1 19. Nc3 $2 {[#]} (19. Ne3 {only move.}) 19... Ne4 $1 {[%mdl 512]} 20. Rh2 {[#]} (20. fxe4 Bxf2+) 20... Nxc3 (20... Nf2 $1 $19 {[%mdl 512]} 21. Qe2 (21. Rxf2 Bxf2+) 21... fxg4 22. hxg4 Bd3) 21. bxc3 $17 Rbe8 {White must now prevent ...fxg4.} 22. Bd2 Bg3 23. Rg2 f4 24. Rc1 {[#]} (24. c6 $17 Qd6 25. Nb4) 24... Bd3 $1 $19 {[%cal Bg6d3,Bd3c4,Bc4e2,Be2f3][%mdl 32]} 25. Ne1 (25. Nb4 {keeps fighting.} Bc4 26. Qc2) 25... Bc4 26. Qc2 Be2 27. c4 dxc4 28. Bc3 Bxe1 29. Rxe1 Bxf3 30. Rxe8 Qxe8 (30... Rxe8 $142 31. Rf2 Re3) 31. Rf2 Bd5 32. Qe2 $2 (32. Re2 $17 Qd8 33. Re5) 32... Qg6 33. Qe5 $2 (33. c6 Re8 34. Qc2) 33... c6 {Strongly threatening ...Qd3.} 34. Kh2 Qd3 {[%csl Gf4][%cal Rd3g3] Black mates.} 35. Rxf4 Qc2+ 36. Kg3 Qxc3+ 37. Kh4 Rxf4 38. Qxf4 h6 {Precision: White = 20%, Black = 78%.} 0-1